[Event "WYCC 2018 O14"]
[Site "Halkidiki"]
[Date "2018.10.30"]
[Round "11"]
[White "Krastev, Alexander"]
[Black "Gines Esteo, Pedro Antonio"]
[Result "0-1"]
[WhiteElo "2298"]
[BlackElo "2288"]
[Annotator "TA"]
[PlyCount "163"]
[EventDate "2018.10.20"]
[EventType "swiss"]
[EventCountry "GRE"]
[SourceTitle "playchess.com"]
[Source "ChessBase"]
[SourceQuality "1"]

{[%evp 16,163,12,-6,-6,-20,-10,-37,-41,-39,14,-39,-42,-41,-41,-59,-48,-45,-39,-30,-19,-22,-45,-32,-7,-14,-24,-21,0,-59,-60,-100,-96,-93,-83,-90,-76,-98,-90,-157,-173,-141,-59,-51,-60,-72,-63,-57,-64,-67,-70,-62,-65,-47,-60,-58,-60,-59,-60,-128,-137,-64,0,-213,0,0,0,0,0,0,0,0,0,0,0,0,0,0,0,0,0,-25,-25,-121,0,0,0,-195,-209,-181,0,-245,-215,-216,-161,-114,0,-40,0,0,0,0,0,0,0,0,0,0,0,-8,-8,-8,-8,-8,-8,-8,-8,-20,-81,-79,-8,-8,-8,-8,-8,-8,-8,-8,-8,-8,-8,-8,-8,-8,-8,-8,-8,-8,-8,-8,-8,-8,-8,-8,-8,-8,-8,-29980,-29981,-29980]} 1. Nf3 d5 2. g3 Bg4 3. Bg2 Nd7 4. c4 e6 5. d3 c6 6. O-O Bd6 7. Nbd2 Ne7 8. b3 O-O 9. Bb2 {LiveBook: 37 Games} e5 {A07: Réti Opening: New York and Capablanca Systems} 10. h3 Bh5 {[%cal Bg4h5,Bh5f7,Bf7e6][%mdl 32]} 11. e4 $146 ({Predecessor:} 11. cxd5 cxd5 12. e4 d4 13. Nc4 Bc7 14. a4 f6 15. Ba3 Nb6 16. a5 Nxc4 17. bxc4 {1-0 (42) Valdes Romero,L (2398)-Hague,B (2405) Batumi 2018}) 11... d4 {Black is slightly better.} 12. Qc2 a5 (12... f6 $15) 13. a3 (13. c5 $1 $11 Bxc5 14. g4) 13... f6 $15 14. Nh4 Bf7 15. Rae1 Be6 16. f4 exf4 17. gxf4 c5 18. e5 fxe5 19. Ne4 Bb8 20. Ng5 Ra6 21. Bc1 Kh8 22. Nxe6 (22. Bxb7 $11 Rb6 23. fxe5 (23. Nxe6 Rxe6 24. f5 Rb6 $11)) 22... Rxe6 23. f5 Rb6 $1 24. Bg5 Nf6 25. Qd1 Qd6 26. Be4 Neg8 27. Bh1 {[#]} (27. a4 $142) 27... e4 $1 $17 {[%csl Gb8][%cal Rd6h2][%mdl 512]} 28. Bf4 (28. dxe4 Qh2#) 28... Qxf4 (28... Qd8 $17 29. dxe4 Nd7 30. Bxb8 Qxb8) 29. Rxf4 $15 Bxf4 30. dxe4 Bg3 31. Nf3 Bxe1 32. Nxe1 Re8 $1 33. Nd3 Nxe4 34. Bxe4 Rxe4 35. Nxc5 Rf4 $1 36. Qd3 Rf6 37. Nxb7 ({White should try} 37. Ne4 $15 R6xf5 38. Qxd4) 37... R6xf5 38. Nd6 Rg5+ (38... Rf6 $15 39. c5 Ne7) 39. Kh1 $2 (39. Kh2 $1 $11 {and White stays safe.} h6 40. Qd2) 39... h5 $2 (39... h6 $1 $19 {White must now prevent ...Ne7.} 40. b4 axb4 41. axb4 Ne7) 40. Qd2 Rf1+ 41. Kh2 Rg6 42. Qxd4 Ne7 43. Qc5 Kg8 44. Ne4 Re6 45. Qd4 Rf4 46. Qd8+ Rf8 47. Qd3 {aiming for Ng5.} Rf5 48. b4 Rfe5 49. Nc5 (49. Nf2 $11) 49... Rf6 (49... Re2+ $17 50. Kg1 R6e3 51. Qd8+ Kh7) 50. Qd8+ Kh7 51. Qd3+ $2 ({Avoid the trap} 51. bxa5 $2 Nf5 $19) (51. Qxa5 $2 Rf2+ 52. Kg1 Rd2 $19) (51. Nd7 $1 $11 Re2+ 52. Kg1 Re1+ 53. Kg2 Re2+ 54. Kg1 Re1+ 55. Kg2 Re2+ 56. Kg1) 51... Ng6 $19 52. Ne4 Rf4 $2 (52... Rfe6 $1 $19 53. Ng3 Re3) 53. Nc3 $2 (53. Nd2 $11 {and White is okay.}) 53... axb4 54. axb4 Rf2+ 55. Kg1 {[#]} Rb2 (55... Ref5 $1 $17 56. Nd5 R2f3) 56. Kf1 {Threatening b5.} Re8 57. Nd5 Ra8 {( -> ...Ra1+)} 58. Qd1 Raa2 59. Nc3 Ra7 60. Qxh5+ Kg8 61. Nd1 Rf7+ 62. Kg1 Rg2+ $1 63. Kh1 $132 {[%mdl 2048] next Ne3 is good for White. White is not keeping still} Rd2 {[%cal Rf7f1]} 64. Ne3 Ra7 65. Qf5 ({Of course not} 65. Qxg6 Ra1+ 66. Qg1 Rxg1+ 67. Kxg1 Kf7 $17) 65... Ra1+ 66. Nf1 Rdd1 67. Kg1 {[#]} Rxf1+ (67... Nh4 $1 $17 {[%cal Rh4f5]} 68. Qe6+ Kf8) 68. Qxf1 $11 Rxf1+ 69. Kxf1 $17 {[%mdl 4096] Endgame KN-K3P} Kf7 70. c5 Ke6 {Threatens to win with ...Nf4.} 71. Kf2 Nf4 {Hoping for ...Nd3+.} 72. Kg3 Nd3 73. Kg4 Kf6 74. c6 Ne5+ 75. Kg3 Nxc6 $11 {KN-KPP} 76. b5 Ne7 77. b6 Nf5+ 78. Kf4 {And now b7 would win.} Nd6 {Black wants to play ...Kg6.} 79. Kg4 Kg6 80. Kf4 Kh5 81. Ke5 $2 {[%mdl 8192]} (81. Kg3 $11) 81... Nc4+ 82. Kd4 {Precision: White = 51%, Black = 59%.} 0-1

[Event "WYCC 2018 O14"]
[Site "Halkidiki"]
[Date "2018.10.30"]
[Round "11"]
[White "Tadic, Stefan"]
[Black "Kasioumis, Vasilios"]
[Result "0-1"]
[WhiteElo "2295"]
[BlackElo "2038"]
[Annotator "TA"]
[PlyCount "58"]
[EventDate "2018.10.20"]
[EventType "swiss"]
[EventCountry "GRE"]
[SourceTitle "playchess.com"]
[Source "ChessBase"]
[SourceQuality "1"]

{[%evp 20,58,27,0,30,-6,0,0,-6,-11,-19,-33,-16,-28,0,0,0,0,13,0,0,0,0,0,0,0,0,-39,-53,-28,-13,-20,0,0,0,-228,-5,-475,-461,-981,-941]} 1. e4 c5 2. Nf3 e6 3. d4 cxd4 4. Nxd4 Nc6 5. Nc3 Qc7 6. Be2 Nf6 7. O-O Be7 8. Be3 d6 9. f4 O-O 10. Kh1 Bd7 11. Bf3 {LiveBook: 4 Games. B83: Sicilian Scheveningen: 6 Be2, lines without ...a6} Rac8 12. Qe1 Nxd4 13. Bxd4 {The position is equal.} e5 14. Be3 b5 15. a3 $146 ({Predecessor:} 15. Rf2 b4 16. Nd5 Nxd5 17. exd5 Bf6 18. Qxb4 Rb8 {0-1 (27) Blasco Cusido,F (1900)-Moskalenko,V (2565) Torredembarra 2010}) 15... a5 16. Qf2 b4 17. axb4 axb4 18. Ra7 Qd8 19. Nd5 Nxd5 20. exd5 Bf6 21. Bb6 Qe8 22. Re1 Bf5 $1 23. Be4 (23. Bd1 $5 {[%cal Rf4e5]} e4 24. g4 $16) 23... Bxe4 24. Rxe4 Ra8 25. fxe5 {[#] Strongly threatening Rxa8.} Bxe5 26. Rxb4 f5 27. Qf3 $2 (27. Rxa8 $11 {and White stays safe.} Qxa8 28. c4) 27... Bxb2 $2 (27... Bd4 $19 {( -> ...Qe1+)} 28. Qd1 Rxa7 29. Bxd4 Raf7) 28. Bg1 $2 {[%mdl 8192]} (28. Rxa8 $11 {and White has nothing to worry.} Qxa8 29. Bg1) 28... Rxa7 $19 29. Bxa7 (29. Rxb2 $142 Ra1 30. Qc3) 29... Qe1+ {Precision: White = 23%, Black = 50%.} 0-1

[Event "WYCC 2018 O14"]
[Site "Halkidiki"]
[Date "2018.10.30"]
[Round "11"]
[White "Ozenir, Ekin Baris"]
[Black "Marn, Jan"]
[Result "0-1"]
[WhiteElo "2293"]
[BlackElo "2125"]
[Annotator "TA"]
[PlyCount "104"]
[EventDate "2018.10.20"]
[EventType "swiss"]
[EventCountry "GRE"]
[SourceTitle "playchess.com"]
[Source "ChessBase"]
[SourceQuality "1"]

{[%evp 12,104,35,31,40,21,34,28,35,40,39,23,31,20,39,0,0,0,0,0,10,19,19,0,58,67,58,54,52,7,67,0,29,-20,-18,-47,-3,-41,-19,-50,0,0,27,33,32,-131,-133,-133,-142,-116,-114,-347,-316,-320,-344,-458,-447,-451,-454,-447,-442,-424,-407,-362,-378,-378,-363,-370,-338,-342,-297,-5103,-5095,-5035,-4935,-29984,-29985,-29991,-29980,-29980,-29981,-29982,-29982,-29982,-29982,-29982,-29983,-29983,-29984,-29986,-29987,-29987,-29988,-29988,-29989]} 1. d4 d5 2. c4 e6 3. Nc3 c6 4. Nf3 Nd7 5. Bf4 Ngf6 6. e3 Be7 7. cxd5 {LiveBook: 11 Games. D37: Queen's Gambit Declined: 5 Bf4} (7. h3 dxc4 8. Bxc4 Nd5 9. Bh2 Nxc3 10. bxc3 b5 11. Bd3 O-O 12. O-O h6 13. Qc2 {1-0 (13) Moiseenko,A (2671)-Dvoirys,S (2552) Jerusalem 2017}) 7... Nxd5 8. Bg3 N7f6 9. Bd3 {White is slightly better.} O-O 10. O-O b6 11. e4 (11. Ne2 {with more complications.} Nb4 12. Bb1 c5 13. a3 Nc6 14. Qc2) 11... Nxc3 12. bxc3 Bb7 $146 ({Predecessor:} 12... c5 13. e5 Nh5 14. Be4 Nxg3 15. fxg3 Rb8 16. Qd3 {½-½ (33) Camus de Solliers,G (2256)-Cathelineau,D (2182) France 2005}) 13. c4 Nh5 $1 14. Bc2 Nxg3 15. hxg3 c5 16. d5 exd5 17. cxd5 f6 (17... c4 $11) 18. Qd3 $14 {And now e5 would win.} g6 19. Rfe1 Bd6 20. Rad1 Re8 (20... a6 $11) 21. Nh4 (21. Ba4 $14) 21... Qd7 22. f4 b5 23. Qc3 Qg7 24. a4 {[%cal Ba2a4,Ba4b5][%mdl 32]} a6 25. Qb2 c4 {White must now prevent ...b4.} 26. axb5 Bc5+ 27. Kh2 g5 28. Nf5 $2 (28. fxg5 $1 $14 {was forced to keep a grip.} Qxg5 29. bxa6 Bxa6 30. Qc1) 28... Qg6 $36 {[%mdl 2048] Black is on the roll.} 29. g4 {[#] Strongly threatening d6.} Bc8 $1 {[%cal Rc8f5]} 30. Qc3 axb5 31. e5 $2 (31. d6 $17 Bxf5 32. gxf5 Qh6+ 33. Qh3 Qxh3+ 34. Kxh3 Ra3+ 35. Kh2) 31... Ra3 $19 ({Stronger than} 31... gxf4 32. e6 $14) 32. Qxa3 Bxa3 33. Ne7+ Rxe7 34. Bxg6 hxg6 35. Ra1 Rh7+ 36. Kg3 gxf4+ 37. Kf3 b4 38. e6 Re7 39. Kxf4 c3 {aiming for ...c2.} 40. Re2 b3 41. g5 $2 (41. Rxa3 c2 42. Rxc2 bxc2 43. Rc3) 41... fxg5+ 42. Kxg5 c2 43. Kxg6 b2 {Black mates.} 44. Rxc2 bxa1=Q 45. Rxc8+ {[#]} Re8 $1 46. Rxe8+ Bf8 47. d6 Qb1+ 48. Kf6 Qb2+ 49. Kg6 Qxg2+ 50. Kh5 Qd5+ 51. Kh4 Qxd6 52. e7 Qh6+ {Precision: White = 40%, Black = 61%.} 0-1

[Event "WYCC 2018 O14"]
[Site "Halkidiki"]
[Date "2018.10.30"]
[Round "11"]
[White "Ognean, Mihnea-Ionut"]
[Black "Patrelakis, Evaggelos"]
[Result "1-0"]
[WhiteElo "2291"]
[BlackElo "2146"]
[Annotator "NA"]
[PlyCount "79"]
[EventDate "2018.10.20"]
[EventType "swiss"]
[EventCountry "GRE"]
[SourceTitle "playchess.com"]
[Source "ChessBase"]
[SourceQuality "1"]
[TimeControl "40/5400+30:1800+30"]

1. d4 {[%emt 0:00:00]} Nf6 {[%emt 0:00:00]} 2. c4 {[%emt 0:00:00]} g6 {[%emt 0:00:00]} 3. Nc3 {[%emt 0:00:00]} Bg7 {[%emt 0:00:00]} 4. e4 {[%emt 0:00:00]} d6 {[%emt 0:00:00]} 5. Nf3 {[%emt 0:00:00]} O-O {[%emt 0:00:09]} 6. Be2 {[%emt 0:00:00]} e5 {[%emt 0:00:09]} 7. d5 {[%emt 0:00:00]} a5 {[%emt 0:00:12]} 8. Bg5 {[%emt 0:00:04]} h6 {[%emt 0:00:06]} 9. Be3 {[%emt 0:00:05]} Ng4 {[%emt 0:00:11]} 10. Bc1 {[%emt 0:00:04]} Na6 {[%emt 0:03:19]} 11. h3 {[%emt 0:00:05]} Nf6 {[%emt 0:00:15]} 12. Be3 {[%emt 0:00:04]} Nh5 {[%emt 0:02:48]} 13. Nd2 {[%emt 0:00:05] E92: King's Indian: Classical: 6 Be2 e5: 7 dxe5, 7 Be3 and Petrosian System without 7...Nbd7} Nf4 {[%emt 0:00:21]} 14. Bf1 {[%emt 0:00:04]} Nb4 {[%emt 0:07:30]} (14... Nc5 15. Nb3 Nxb3 16. axb3 c5 17. g3 Nh5 18. h4 Nf6 19. Bh3 Bxh3 20. Rxh3 Qd7 {0-1 (62) Ikonnikov,V (2546)-Miciano,J (2381) Vlissingen 2018}) 15. Ndb1 {[%emt 0:00:05]} g5 $146 {[%emt 0:13:09]} ({Predecessor:} 15... Bd7 16. g3 Nh5 17. a3 Na6 18. Nd2 Nf6 19. Be2 Nh7 20. Qb3 b6 {½-½ (61) Yakovlev,O (2364)-Santamaria Perez,T (2364) ICCF email 2014}) 16. a3 {[%emt 0:00:39]} Na6 {[%emt 0:00:02]} 17. g3 {[%emt 0:03:20]} Ng6 {[%emt 0:00:09]} 18. Nd2 {[%emt 0:04:27]} f5 {[%emt 0:05:13]} 19. exf5 {[%emt 0:00:12]} Bxf5 {[%emt 0:00:07]} 20. Nde4 {[%emt 0:02:37]} b6 {[%emt 0:03:13]} 21. Be2 {[%emt 0:22:22]} Nc5 {[%emt 0:05:51]} 22. Bxc5 {[%emt 0:00:09]} bxc5 {[%emt 0:00:26]} 23. Bg4 {[%emt 0:00:06]} Qd7 {[%emt 0:09:41]} 24. Qe2 {[%emt 0:03:30]} Ne7 {[%emt 0:06:49]} 25. a4 {[%emt 0:07:31]} (25. O-O-O $16) 25... c6 {[%emt 0:08:48]} 26. Rd1 {[%emt 0:02:22]} cxd5 {[%emt 0:01:52]} 27. Nxd5 {[%emt 0:01:30]} Nxd5 {[%emt 0:00:43]} 28. Rxd5 {[%emt 0:00:18]} Bxg4 {[%emt 0:01:39]} 29. hxg4 {[%emt 0:01:31]} Qxa4 {[%emt 0:03:32]} 30. O-O {[%emt 0:03:57]} Rab8 {[%emt 0:11:25]} 31. Nxd6 {[%emt 0:05:33]} ({Weaker is} 31. Rxd6 Qa2 $16) 31... Qb3 {[%emt 0:06:44]} 32. Nf5 {[%emt 0:07:24]} Qxb2 {[%emt 0:03:01]} 33. Qe4 {[%emt 0:00:25]} Rf7 {[%emt 0:02:28]} 34. Rfd1 {[%emt 0:01:09]} Rbf8 {[%emt 0:02:08]} 35. Rd7 {[%emt 0:02:55]} a4 {[%emt 0:04:20]} 36. Rxf7 {[%emt 0:00:49]} Rxf7 {[%emt 0:00:02]} 37. Rd8+ {[%emt 0:00:19]} Rf8 {[%emt 0:00:10]} 38. Ne7+ {[%emt 0:00:59]} Kf7 {[%emt 0:00:11]} 39. Qd5+ {[%emt 0:00:26]} Kxe7 {[%emt 0:00:24]} 40. Rd7+ {[%emt 0:00:00]} 1-0

[Event "WYCC 2018 O14"]
[Site "Halkidiki"]
[Date "2018.10.30"]
[Round "11"]
[White "Cohen Revivo, Shoham"]
[Black "Soriano Quispe, Ivan Excender"]
[Result "1-0"]
[WhiteElo "2289"]
[BlackElo "2054"]
[Annotator "NA"]
[PlyCount "63"]
[EventDate "2018.10.20"]
[EventType "swiss"]
[EventCountry "GRE"]
[SourceTitle "playchess.com"]
[Source "ChessBase"]
[SourceQuality "1"]
[TimeControl "40/5400+30:1800+30"]

1. e4 {[%emt 0:00:00]} e5 {[%emt 0:00:00]} 2. Nf3 {[%emt 0:00:00]} Nc6 {[%emt 0:00:00]} 3. Bc4 {[%emt 0:00:00]} Bc5 {[%emt 0:00:00]} 4. O-O {[%emt 0:00:17]} d6 {[%emt 0:00:20]} 5. c3 {[%emt 0:00:40]} Nf6 {[%emt 0:00:32]} 6. d3 {[%emt 0:00:28]} a6 {[%emt 0:00:13]} 7. Nbd2 {[%emt 0:01:15]} O-O {[%emt 0:00:16]} 8. h3 {[%emt 0:02:14]} h6 {[%emt 0:00:43]} 9. Re1 {[%emt 0:00:47]} Ba7 {[%emt 0:01:31]} 10. Bb3 {[%emt 0:00:22]} Re8 {[%emt 0:02:17]} 11. Nf1 {[%emt 0:01:25]} Be6 {[%emt 0:00:14]} 12. Ng3 {[%emt 0:02:52]} d5 {[%emt 0:02:42] C54: Giuoco Piano: 4 c3 Nf6, main lines with 5 d4 and 5 d3} (12... Bxb3 13. Qxb3 Qd7 14. Be3 Bxe3 15. Rxe3 d5 16. Rae1 dxe4 17. dxe4 Na5 18. Qc2 Rad8 19. b3 Nc6 20. R3e2 {½-½ (52) Harikrishna,P (2762)-Matlakov,M (2691) Germany 2017}) 13. exd5 {[%emt 0:00:44]} Nxd5 {[%emt 0:01:20]} 14. Bc2 {[%emt 0:05:35] LiveBook: 30 Games} b5 {[%emt 0:03:14]} 15. a3 {[%emt 0:05:55]} Qd6 $146 {[%emt 0:08:10]} ({Predecessor:} 15... Rb8 16. Qd2 Qf6 17. Ne4 Qe7 18. Ng3 Qf6 19. Ne4 Qe7 20. Ng3 Qf6 {½-½ (20) Duboue,P (2189)-Joie,S (2304) Pau 2012}) 16. Ne4 {[%emt 0:08:34]} Qe7 {[%emt 0:03:33]} 17. d4 {[%emt 0:02:28]} Rad8 {[%emt 0:05:12]} 18. Ng3 {[%emt 0:08:27]} exd4 {[%emt 0:04:32]} 19. cxd4 {[%emt 0:01:30]} Nf6 {[%emt 0:12:14]} 20. Be3 {[%emt 0:05:13]} Qd6 {[%emt 0:04:19]} 21. Qd3 {[%emt 0:16:28]} Nxd4 {[%emt 0:02:48]} 22. Nxd4 {[%emt 0:01:09]} Bxd4 {[%emt 0:00:08]} 23. Ne4 {[%emt 0:01:25]} Nxe4 {[%emt 0:06:10]} 24. Qxe4 {[%emt 0:00:07]} Bxb2 {[%emt 0:06:18]} 25. Qh7+ {[%emt 0:02:02]} Kf8 {[%emt 0:00:07]} 26. Rab1 {[%emt 0:07:38]} Qxa3 {[%emt 0:02:19]} 27. Be4 {[%emt 0:03:21]} Ke7 {[%emt 0:15:14]} 28. Bc6 $17 {[%emt 0:00:41]} Rh8 {[%emt 0:05:51]} 29. Qc2 {[%emt 0:00:12]} Bd4 {[%emt 0:00:19]} 30. Bd2 {[%emt 0:16:27]} Kf6 {[%emt 0:09:01]} 31. Bb4 {[%emt 0:02:58]} Qa2 {[%emt 0:01:34]} 32. Be7+ {[%emt 0:00:14]} 1-0

[Event "WYCC 2018 O14"]
[Site "Halkidiki"]
[Date "2018.10.30"]
[Round "11"]
[White "Kushagra Mohan"]
[Black "Galkin, Gleb"]
[Result "0-1"]
[WhiteElo "2283"]
[BlackElo "2134"]
[Annotator "NA"]
[PlyCount "86"]
[EventDate "2018.10.20"]
[EventType "swiss"]
[EventCountry "GRE"]
[SourceTitle "playchess.com"]
[Source "ChessBase"]
[SourceQuality "1"]
[TimeControl "40/5400+30:1800+30"]

1. e4 {[%emt 0:00:00]} e5 {[%emt 0:00:00]} 2. Nf3 {[%emt 0:00:00]} Nc6 {[%emt 0:00:00]} 3. d4 {[%emt 0:00:00]} exd4 {[%emt 0:00:00]} 4. Nxd4 {[%emt 0:00:00]} Bc5 {[%emt 0:00:00]} 5. Nxc6 {[%emt 0:00:03]} Qf6 {[%emt 0:00:00]} 6. Qf3 {[%emt 0:00:09]} dxc6 {[%emt 0:00:00]} 7. Nc3 {[%emt 0:00:04] C45: Scotch Game} Be6 {[%emt 0:00:07]} 8. Qg3 {[%emt 0:00:04]} O-O-O {[%emt 0:00:13]} 9. Be3 {[%emt 0:00:05]} Bxe3 {[%emt 0:00:06]} 10. Qxe3 {[%emt 0:00:02]} Kb8 {[%emt 0:00:12]} 11. Bd3 {[%emt 0:00:06]} (11. f4 Qe7 12. Bd3 Nh6 13. O-O-O f6 14. g3 Nf7 {½-½ (29) Nepomniachtchi,I (2766)-Carlsen,M (2851) Leuven 2017}) 11... g5 {[%emt 0:00:19]} 12. O-O-O {[%emt 0:00:31]} Ne7 {[%emt 0:00:31]} 13. e5 {[%emt 0:02:17]} Qg7 {[%emt 0:00:54]} 14. Rhe1 {[%emt 0:01:50] [#]} Nd5 $146 {[%emt 0:02:37]} ({Predecessor:} 14... h6) 15. Nxd5 {[%emt 0:01:39]} cxd5 {[%emt 0:06:24]} 16. g3 {[%emt 0:03:19]} g4 {[%emt 0:00:53]} 17. Kb1 {[%emt 0:04:51]} h5 {[%emt 0:08:08]} 18. Qf4 {[%emt 0:04:11]} Qh6 {[%emt 0:03:10]} 19. Qd4 {[%emt 0:02:08]} Rc8 {[%emt 0:01:49]} 20. Bf1 {[%emt 0:02:20]} c5 {[%emt 0:10:06]} 21. Qa4 {[%emt 0:03:10]} Rhd8 {[%emt 0:02:12]} 22. Re3 {[%emt 0:01:27]} Bf5 {[%emt 0:13:26]} 23. Bg2 {[%emt 0:02:50]} Bd7 {[%emt 0:06:53]} 24. Qb3 {[%emt 0:06:02]} Bc6 {[%emt 0:01:23]} 25. f4 {[%emt 0:07:17]} d4 {[%emt 0:05:52]} 26. Bxc6 {[%emt 0:02:55]} Qxc6 {[%emt 0:00:08]} 27. Re2 {[%emt 0:00:30]} c4 {[%emt 0:02:55]} 28. Qb4 {[%emt 0:01:15] [#]} c3 $1 {[%emt 0:08:12]} 29. Qb3 {[%emt 0:07:40]} Qf3 {[%emt 0:05:00]} 30. Ree1 {[%emt 0:03:08]} Rc6 {[%emt 0:04:09]} 31. Qxf7 {[%emt 0:09:24]} d3 {[%emt 0:01:59]} 32. Qb3 {[%emt 0:04:48]} Rb6 {[%emt 0:11:03]} 33. Qxc3 $19 {[%emt 0:14:57]} d2 {[%emt 0:01:27]} 34. Qxf3 {[%emt 0:01:55]} dxe1=Q {[%emt 0:00:07]} 35. Rxe1 {[%emt 0:00:17]} gxf3 {[%emt 0:00:04]} 36. Rf1 {[%emt 0:01:01]} Rd2 {[%emt 0:02:32]} 37. Kc1 {[%emt 0:00:01]} Rxh2 {[%emt 0:00:39]} 38. Rxf3 {[%emt 0:00:08]} Kc8 {[%emt 0:01:42]} 39. f5 {[%emt 0:00:47]} Kd7 {[%emt 0:01:38]} 40. e6+ {[%emt 0:00:00]} Ke8 {[%emt 0:00:00]} 41. Rd3 {[%emt 0:04:40]} Rc6 {[%emt 0:02:15]} 42. c3 {[%emt 0:00:04]} Rf2 {[%emt 0:00:22]} 43. Rd5 {[%emt 0:00:09]} b6 {[%emt 0:00:37]} 0-1

[Event "WYCC 2018 O14"]
[Site "Halkidiki"]
[Date "2018.10.30"]
[Round "11"]
[White "Subelj, Jan"]
[Black "Manafov, Vugar"]
[Result "1-0"]
[WhiteElo "2281"]
[BlackElo "2245"]
[Annotator "NA"]
[PlyCount "99"]
[EventDate "2018.10.20"]
[EventType "swiss"]
[EventCountry "GRE"]
[SourceTitle "playchess.com"]
[Source "ChessBase"]
[SourceQuality "1"]
[TimeControl "40/5400+30:1800+30"]

1. e4 {[%emt 0:00:15]} Nf6 {[%emt 0:00:00]} 2. e5 {[%emt 0:00:32]} Nd5 {[%emt 0:00:00]} 3. d4 {[%emt 0:00:08]} d6 {[%emt 0:00:00]} 4. Nf3 {[%emt 0:00:08]} Nb6 {[%emt 0:00:00]} 5. a4 {[%emt 0:00:36]} a5 {[%emt 0:00:13]} 6. Nc3 {[%emt 0:00:18]} g6 {[%emt 0:05:07] B04: Alekhine's Defence: 4 Nf3} (6... Bg4 7. h3 Bh5 8. g4 Bg6 9. e6 fxe6 10. Ng5 Qd7 11. Qe2 Nc6 12. Nxe6 Nb4 13. Nb5 Rc8 14. Na3 {1-0 (28) Zvjaginsev,V (2660)-Panarin,M (2558) St Petersburg 2015}) 7. exd6 {[%emt 0:01:23] LiveBook: 17 Games} cxd6 {[%emt 0:00:05]} 8. Nb5 {[%emt 0:03:02]} Bg7 {[%emt 0:05:59]} 9. Be2 {[%emt 0:03:25]} O-O {[%emt 0:01:07]} 10. O-O {[%emt 0:00:08]} Nc6 {[%emt 0:08:47]} 11. c3 {[%emt 0:01:00]} Be6 {[%emt 0:09:26]} 12. b3 $146 {[%emt 0:24:59]} ({Predecessor:} 12. Re1 Na7 13. Nxa7 Rxa7 14. Bd3 {1-0 (32) Nagy,G (2403)-Varga,Z (2450) Kecskemet 2015}) 12... Rc8 {[%emt 0:07:24]} 13. Bb2 {[%emt 0:01:22]} h6 {[%emt 0:01:21]} 14. Re1 {[%emt 0:00:33]} Re8 {[%emt 0:09:29]} 15. Bd3 {[%emt 0:01:58]} Qd7 {[%emt 0:00:56]} 16. c4 {[%emt 0:03:44]} Bf5 {[%emt 0:02:54]} 17. Bc3 {[%emt 0:02:52]} d5 {[%emt 0:22:50]} 18. c5 {[%emt 0:00:29]} Na8 {[%emt 0:00:04]} 19. Bxf5 {[%emt 0:00:38]} Qxf5 {[%emt 0:01:05]} 20. Qd2 {[%emt 0:00:13]} b6 {[%emt 0:00:09]} 21. cxb6 {[%emt 0:00:22]} Nxb6 {[%emt 0:00:01]} 22. Bxa5 {[%emt 0:01:05]} Nd7 {[%emt 0:00:44]} 23. Bc3 {[%emt 0:00:40]} Nf6 {[%emt 0:00:07]} 24. Rac1 {[%emt 0:08:56]} Ne4 {[%emt 0:01:19]} 25. Qe3 {[%emt 0:01:31]} Red8 {[%emt 0:05:35]} 26. Red1 {[%emt 0:06:58]} Bf6 {[%emt 0:04:24]} 27. Be1 {[%emt 0:04:10]} Kg7 {[%emt 0:01:35]} 28. h3 {[%emt 0:04:42]} Qd7 {[%emt 0:01:52]} 29. Nc3 {[%emt 0:04:39]} Nxc3 {[%emt 0:05:05]} 30. Rxc3 {[%emt 0:01:21]} Rb8 {[%emt 0:01:35]} 31. Rdc1 {[%emt 0:01:02]} Rb6 {[%emt 0:01:25]} 32. Bd2 {[%emt 0:01:52]} h5 {[%emt 0:00:16]} 33. a5 {[%emt 0:02:26]} Ra6 {[%emt 0:00:01]} 34. Rc5 {[%emt 0:00:10]} Qb7 {[%emt 0:00:46]} 35. b4 {[%emt 0:01:00]} Na7 {[%emt 0:00:38]} 36. b5 {[%emt 0:02:07]} Nxb5 {[%emt 0:01:52]} 37. Rb1 {[%emt 0:00:09]} Rb8 {[%emt 0:00:04]} 38. Rcxb5 {[%emt 0:00:24]} Qxb5 $18 {[%emt 0:00:05]} 39. Rxb5 {[%emt 0:00:07]} Rxb5 {[%emt 0:00:04]} 40. Qd3 {[%emt 0:00:00]} Rbxa5 {[%emt 0:00:00]} 41. Bxa5 {[%emt 0:00:19]} Rxa5 {[%emt 0:00:03]} 42. g4 {[%emt 0:01:02]} hxg4 {[%emt 0:00:04]} 43. hxg4 {[%emt 0:00:07]} e6 {[%emt 0:00:18]} 44. Qd2 {[%emt 0:02:16]} Ra7 {[%emt 0:03:07]} 45. Qf4 {[%emt 0:00:23]} Bd8 {[%emt 0:00:54]} 46. Qb8 {[%emt 0:00:38]} Ra1+ {[%emt 0:00:06]} 47. Kg2 {[%emt 0:00:04]} Be7 {[%emt 0:01:03]} 48. Qc7 {[%emt 0:00:49]} Kf8 {[%emt 0:00:05]} 49. Ne5 {[%emt 0:01:02]} g5 {[%emt 0:00:56]} 50. Qc8+ {[%emt 0:00:09]} 1-0